Estadísticas para Español Latinoamericano

Haz click aquí para tomar la prueba!

Estadísticas generales

  • Esta prueba ha sido tomada 171 veces
  • La puntuación promedio es 22 de 66

Estadísticas de respuestas

% Correcto
Vos
97%
VosotrosUstedes
89%
VosotrosUstedes
89%
72%
AguacatePalta
64%
CacahueteManí
62%
PiñaAnaná
58%
AguacateAguacate
57%
GafasLentes
54%
Perrito CalienteHot Dog
53%
CamisetaRemera
51%
PiscinaPileta
50%
PiñaPiña
49%
Permiso (de conducir)Licencia
46%
MazorcaChoclo
43%
AutobúsColectivo
43%
Tenis (calzado)Zapatillas
43%
PiscinaAlberca
40%
ChavalPibe
40%
MaletaValija
39%
Perrito CalientePancho
38%
PalomitasPochoclo
38%
MaletaMaleta
36%
CamareroMesero
36%
GafasAnteojos
34%
ChaquetaChamarra
34%
PalomitasPalomitas
34%
ChaquetaCampera
33%
CacahueteCacahuate
32%
PajitaPajita
31%
BolígrafoPluma
31%
NeveraRefrigerador
31%
SudaderaSudadera
31%
Tenis (calzado)Tenis
31%
MazorcaElote
29%
AceraVereda
29%
NeveraHeladera
28%
CamisetaPlayera
28%
PajitaPopote
28%
CamareroMozo
26%
SudaderaBuzo
25%
AutobúsCamión
25%
GrifoCanilla
25%
Chupa-ChupsChupetín
24%
ChavalChavo
23%
BañeraTina
23%
BolígrafoBirome
22%
GrifoLlave
21%
Chupa-ChupsPaleta
21%
CajuelaBaúl
19%
FutbolínFutbolito
19%
PijoCheto
18%
FutbolínMetegol
18%
AceraBanqueta
16%
MariquitaVaquita de San Antonio
15%
BañeraBañadera
12%
PijoFresa
12%
SacoBolsa
11%
MariquitaCatarina
9%
AlbaricoqueDamasco
9%
CajuelaMaletero
8%
Chuleta (papel)Machete
7%
Permiso (de conducir)Registro
7%
Chuleta (papel)Acordeón
4%
AlbaricoqueChabacano
4%
SacoCostal
4%

Distribución de puntuación

Porcentaje por número respondido

Porcentaje de gente con cada puntuación

Historial de tus puntuaciones

No has tomado esta prueba